Statistics for Top 15 best legendaries in clash royale

Click here to take the quiz!

General Stats

  • This quiz has been taken 138 times
    (134 since last reset)
  • The average score is 12 of 15

Answer Stats

HintAnswer% Correct
1Mega knight
95%
14Princess
91%
11Log
90%
13Ice wizard
87%
8Sparky
86%
10Miner
82%
9Lumberjack
81%
12Inferno dragon
80%
15Lava hound
80%
7Magic Archer
78%
2Night witch
78%
6Bandit
76%
5Graveyard
73%
3Royal ghost
66%
4Electro wizard
26%

Score Distribution

Percentile by Number Answered

Percent of People with Each Score

Your Score History

You have not taken this quiz since the last reset